Central Library OPAC University of Rajshahi

Man for himself : (Record no. 30144)

MARC details
000 -LEADER
fixed length control field 00706nam a2200241 a 4500
001 - CONTROL NUMBER
control field 30144
003 - CONTROL NUMBER IDENTIFIER
rucl marc code BD-RjUL
005 - DATE AND TIME OF LATEST TRANSACTION
control field 20211209051523.0
008 - FIXED-LENGTH DATA ELEMENTS--GENERAL INFORMATION
fixed length control field 140409r19561949enk 000 0 eng d
035 ## - SYSTEM CONTROL NUMBER
System control number (BD-RjUL)30229
040 ## - CATALOGING SOURCE
Original cataloging agency TU
Language of cataloging eng
Transcribing agency TU
041 ## - LANGUAGE CODE
Language code of text/sound track or separate title eng
082 04 - DEWEY DECIMAL CLASSIFICATION NUMBER
Classification number 170
Author mark and year FRM 1956
100 1# - MAIN ENTRY--PERSONAL NAME
Personal name Fromm, Erich,
Dates associated with a name 1900-
9 (RLIN) 91653
245 10 - TITLE STATEMENT
Title Man for himself :
Remainder of title an enquiry into the psychology of ethics /
Statement of responsibility, etc. Erich Fromm.
260 ## - PUBLICATION, DISTRIBUTION, ETC. (IMPRINT)
Place of publication, distribution, etc. London :
Name of publisher, distributor, etc. Routledge and Kegan Paul,
Date of publication, distribution, etc. 1949 [Reprinted 1956]
300 ## - PHYSICAL DESCRIPTION
Pagination xiv, 254 p. ;
Size 21cm.
500 ## - GENERAL NOTE
General note Includes bibliographical footnotes.
504 ## - BIBLIOGRAPHY, ETC. NOTE
Bibliography, etc Includes Index
650 #0 - SUBJECT ADDED ENTRY--TOPICAL TERM
Topical term or geographic name as entry element Ethics.
9 (RLIN) 91654
Topical term or geographic name as entry element Psychology.
9 (RLIN) 91655
942 ## - ADDED ENTRY ELEMENTS (KOHA)
Source of classification or shelving scheme Dewey Decimal Classification
Koha item type Books
Holdings
Lost status Source of classification or shelving scheme Damaged status Not for loan Collection code Permanent Location Current Location Shelving location Date acquired Source of acquisition Cost, normal purchase price Total Checkouts Full call number Date last seen Copy number Koha item type
  Dewey Decimal Classification     Non-fiction Central Library, University of Rajshahi Central Library, University of Rajshahi   04/09/1957 B. H. Bluckwell 17.60   170 FRM 1956 09/04/2014 C-2 Books
  Dewey Decimal Classification     Non-fiction Central Library, University of Rajshahi Central Library, University of Rajshahi Reading Room 04/09/1957 B. H. Bluckwell 17.60   170 FRM 1950 09/04/2014 C-1 Books